Derecho del constitucionalismo y la codificación. I

Guardat en:
Dades bibliogràfiques
Autor principal: Gacto Fernández, Enrique (autor)
Format: Llibre
Publicat: Sevilla, España: Publicaciones de la Universidad de Sevilla, 1978.
Col·lecció:Temas de Historia del Derecho.
Matèries:
Etiquetes: Afegir etiqueta
Sense etiquetes, Sigues el primer a etiquetar aquest registre!

MARC

LEADER 00000nam a22000007a 4500
003 CL-VaPUC
005 20220822114548.0
008 220706t1978 ||||| |||| 00| 0 eng d
999 |c 436738  |d 436736 
020 |a 84-7405-097-9 
040 |c Pontificia Universidad Católica de Valparaíso 
082 7 |a 349.46 GAC 1978  |2 22 
100 1 |a Gacto Fernández, Enrique  |e autor  |9 871887 
245 |a Derecho del constitucionalismo y la codificación. I 
260 |a Sevilla, España:  |b Publicaciones de la Universidad de Sevilla,   |c 1978. 
300 |a 199 páginas. 
490 |a Temas de Historia del Derecho. 
500 |a c.1 Donación Familia Prof. Alejandro Guzmán Brito. 
583 |c 20220630  |k Cristina María Rojas Aguilar 
650 |a Derecho   |z España  |x Historia   |9 871996 
651 |a España  |x Historia constitucional   |9 871997 
942 |2 ddc  |c BK  |n 0 
952 |0 0  |1 0  |2 ddc  |4 0  |6 349_460000000000000_GAC_1978  |7 0  |8 C_AGB  |9 584438  |a BIBDER  |b BIBDER  |d 2022-07-06  |e Donación   |i 5652549  |o 349.46 GAC 1978  |p 5652549  |r 2023-01-25  |t 1  |w 2022-07-06  |y BK_US  |k AGB